Normal view
MARC view
- Kitts,David D.
Entry Personal Name
001 - CONTROL NUMBER
- control field: 1159
003 - CONTROL NUMBER IDENTIFIER
- control field: OSt
005 - DATE AND TIME OF LATEST TRANSACTION
- control field: 20160725100610.0
008 - FIXED-LENGTH DATA ELEMENTS
- fixed length control field: 160725|| aca||aabn | a|a d
040 ## - CATALOGING SOURCE
- Original cataloging agency: OSt
- Transcribing agency: OSt
100 ## - HEADING--PERSONAL NAME
- Personal name: Kitts,David D.
670 ## - SOURCE DATA FOUND
- Source citation: Work cat.: (OSt): Seafood Safety, Processing, and Biotechnology, 2014
